LEADER 01584oam 2200529 450 001 9910700528203321 005 20181203102804.0 035 $a(CKB)5470000002410717 035 $a(OCoLC)1076893243 035 $a(OCoLC)995470000002410717 035 $a(EXLCZ)995470000002410717 100 $a20181203d2011 ua 0 101 0 $aeng 135 $aur||||||||||| 181 $ctxt$2rdacontent 182 $cc$2rdamedia 183 $acr$2rdacarrier 200 00$aParasites and foodborne illness 205 $aRevised July 2011. 210 1$a[Washington, D.C.] :$cUnited States Department of Agriculture, Food Safety and Inspection Service,$d2011. 215 $a1 online resource (7 pages) $cillustrations 517 1 $aFood Safety Information 606 $aFoodborne diseases 606 $aCommunicable diseases 606 $aGiardia lamblia 606 $aGiardiasis 606 $aCryptosporidium parvum 606 $aToxoplasma gondii 606 $aTrichinella spiralis 606 $aCysticercosis 606 $aParasites 615 0$aFoodborne diseases. 615 0$aCommunicable diseases. 615 0$aGiardia lamblia. 615 0$aGiardiasis. 615 0$aCryptosporidium parvum. 615 0$aToxoplasma gondii. 615 0$aTrichinella spiralis. 615 0$aCysticercosis. 615 0$aParasites. 712 02$aUnited States.$bFood Safety and Inspection Service, 801 0$bGPO 801 1$bGPO 906 $aBOOK 912 $a9910700528203321 996 $aParasites and foodborne illness$93218551 997 $aUNINA LEADER 01891nam 2200577Ia 450 001 9910144590203321 005 20230829003246.0 010 $a0-470-17281-9 035 $a(CKB)1000000000376906 035 $a(MH)001595227-4 035 $a(SSID)ssj0000354869 035 $a(PQKBManifestationID)11298743 035 $a(PQKBTitleCode)TC0000354869 035 $a(PQKBWorkID)10315328 035 $a(PQKB)10185306 035 $a(EXLCZ)991000000000376906 100 $a19880824d1989 uy 0 101 0 $aeng 181 $ctxt 182 $cc 183 $acr 200 10$aUrban surface water management /$fStuart G. Walesh$b[electronic resource] 210 0 $aNew York $cWiley$dc1989 215 $a1 online resource (xvii, 518 p. )$cill. ; 300 $a"A Wiley-Interscience publication." 311 $a0-471-83719-9 320 $aIncludes bibliographies and index. 606 $aUrban hydrology 606 $aUrban runoff 606 $aUrban hydrology 606 $aUrban runoff 606 $aHydraulic Engineering$2HILCC 606 $aMechanical Engineering$2HILCC 606 $aEngineering & Applied Sciences$2HILCC 615 0$aUrban hydrology. 615 0$aUrban runoff. 615 0$aUrban hydrology. 615 0$aUrban runoff. 615 7$aHydraulic Engineering 615 7$aMechanical Engineering 615 7$aEngineering & Applied Sciences 676 $a628/.2 700 $aWalesh$b S. G$0893572 801 0$bDLC 801 1$bDLC 801 2$bFLL 906 $aBOOK 912 $a9910144590203321 996 $aUrban surface water management$92163518 997 $aUNINA 999 $aThis Record contains information from the Harvard Library Bibliographic Dataset, which is provided by the Harvard Library under its Bibliographic Dataset Use Terms and includes data made available by, among others the Library of Congress